MARC

LEADER 00000nas a2200000 a 4500
001 ssj0001742030
003 WaSeSS
005 20200512172242.0
006 m d
007 cr n
008 021025c19999999sp || p s 0 0spa c
010 |a  2012235069 
015 |a 997043385  |2 dnb 
016 7 |a 25169348  |2 de-600 
022 |l 2174-0097  |y 2174-0097 
035 |a (WaSeSS)ssj0001742030 
040 |a NjR  |b eng  |c NJR  |d OCLCQ  |d GBVCP  |d HLS  |d OCLCF  |d DLC  |d AU@  |d OCL  |d WaSeSS 
042 |a pcc 
043 |a e-sp--- 
050 0 0 |a PN1993.5.S7  |b A62 
130 0 |a Academia (Madrid, Spain : 1999) 
210 1 |a Academia  |b (Madr., 1999) 
222 0 |a Academia  |b (Madrid. 1999) 
245 1 0 |a Academia  |h [electronic resource] :  |b boletín del cine español. 
246 1 3 |a Boletín Academia 
246 1 |i Subtitle, 1999-<jul. 2001>:  |a Boletín del cine español 
246 1 |i Subtitle, <dic. 2008>-enero 2009:  |a Noticias del cine español 
246 1 |i Subtitle, <feb. 2009->:  |a Revista del cine español 
260 |a Madrid :  |b Academia de las Artes y las Ciencias Cinematográficas de España 
310 |a Bimonthly,  |b <Marzo 2014-> 
321 |a Monthly (July-Aug. issue combined),  |b <-2013> 
362 1 |a Began with: No. 50 (oct. 1999). 
500 |a "La revista Academia tal y como la conocemos hoy es la evolución natural del antiguo Boletín mensual de la Academia, cuya numeración continúa, con algo del espíritu de la primera Revista que publicó esta asociación"--publisher's website, viewed July 11, 2012. 
506 |a License restrictions may limit access. 
580 |a Shares the title proper of another serial published 1991-2004 by the same body. While they were being published concurrently, the two serials were distinguished by their different subtitles and ISSNs. Continues the numbering of yet another serial published by the Academia. 
588 |a Description based on: No. 212 (Marzo/Abril 2015); title from caption. 
650 0 |a Motion pictures  |z Spain  |v Periodicals. 
650 7 |a Motion pictures.  |2 fast  |0 (OCoLC)fst01027285 
651 7 |a Spain.  |2 fast  |0 (OCoLC)fst01204303 
655 0 |a Electronic journals. 
710 2 |a Academia de las Artes y las Ciencias Cinematográficas de España. 
780 0 0 |t Boletín (Academia de las Artes y las Ciencias Cinematográficas de España)  |x 1136-8144 
787 1 |t Academia (Madrid, Spain : 1991)  |x 1133-7559  |w (DLC) 95655714  |w (OCoLC)33390787 
850 |a DLC 
856 4 0 |z Full text available from PRISMA Database with HAPI Index: 07/01/2007 to 12/31/2007  |u https://search.proquest.com/publication/54609 
856 4 0 |z Full text available from PRISMA Database with HAPI Index: 01/01/2011 to 11/30/2016  |u https://search.proquest.com/publication/54609